00434nam a22001577a 4500003000400000005001700004008004100021020000600062040000600068082002000074100002000094245005900114260004700173300001400220440004200234OSt20180116183106.0170809b xxu||||| |||| 00| 0 eng d a0 c0 a333.79 BUT 1983 aM.H. Masud Butt aEnergy Resources in Muslim Countries cM.H. Masud Butt aIslamabad bNational Science Councilc1983 a318p.bHB aEnergy Resources in Muslim Countries